书目信息 |
| 题名: |
软土地基加固与质量监控
|
|
| 作者: | 李彰明 著 | |
| 分册: | ||
| 出版信息: | 北京 中国建筑工业出版社 2011.12 |
|
| 页数: | 10, 384页 | |
| 开本: | 26cm | |
| 丛书名: | ||
| 单 册: | ||
| 中图分类: | TU471 | |
| 科图分类: | ||
| 主题词: | 软土地基--ruan tu di ji--地基处理--质量管理 | |
| 电子资源: | ||
| ISBN: | 978-7-112-13498-4 | |
| 000 | 01249cam0 2200241 450 | |
| 001 | 2451086308 | |
| 005 | 20240506141231.37 | |
| 010 | @a978-7-112-13498-4@dCNY55.00 | |
| 100 | @a20120306d2011 ekmy0chiy50 ea | |
| 101 | 0 | @achi |
| 102 | @aCN@b110000 | |
| 105 | @aak a 000yy | |
| 200 | 1 | @a软土地基加固与质量监控@f李彰明著 |
| 210 | @a北京@c中国建筑工业出版社@d2011.12 | |
| 215 | @a10, 384页@c图@d26cm | |
| 320 | @a有书目 | |
| 330 | @a本书共分三篇共九章, 分别是软土地基加固理论与实践发展; 软土工程特性及描述; 软土地基加固原理; 改善土体自身性质的软土地基加固; 设置人工增强体与其他软土地基加固; 工程实例——软基常见处理方案及比选; 大面积高含水量淤泥软基静动力排水固结法处理; 软基的直排式真空预压法处理; 软弱填土层中碎石墩加固。本书对软土地基加固原理进行了详细的阐述, 全面介绍了软土地基加固的各类方法。针对各种软土地基还提供了大量内容翔实的由作者直接负责或指导的工程实例, 描述了质量控制措施及过程并对其效果加以分析, 以供借鉴参考甚至直接应用。 | |
| 333 | @a本书可供从事岩土工程及地基加固的技术、管理人员参考使用, 也可供高等院校岩土工程专业的师生参考使用 | |
| 606 | 0 | @a软土地基@Aruan tu di ji@x地基处理@x质量管理 |
| 690 | @aTU471@v5 | |
| 701 | 0 | @a李彰明@Ali zhang ming@4著 |
| 801 | 0 | @aCN@b河南城建学院图书馆@c20150827 |
| 905 | @dTU471@eL334 | |
| 软土地基加固与质量监控/李彰明著.-北京:中国建筑工业出版社,2011.12 |
| 10, 384页:图;26cm |
| 使用对象:本书可供从事岩土工程及地基加固的技术、管理人员参考使用, 也可供高等院校岩土工程专业的师生参考使用 |
| ISBN 978-7-112-13498-4:CNY55.00 |
| 本书共分三篇共九章, 分别是软土地基加固理论与实践发展; 软土工程特性及描述; 软土地基加固原理; 改善土体自身性质的软土地基加固; 设置人工增强体与其他软土地基加固; 工程实例——软基常见处理方案及比选; 大面积高含水量淤泥软基静动力排水固结法处理; 软基的直排式真空预压法处理; 软弱填土层中碎石墩加固。本书对软土地基加固原理进行了详细的阐述, 全面介绍了软土地基加固的各类方法。针对各种软土地基还提供了大量内容翔实的由作者直接负责或指导的工程实例, 描述了质量控制措施及过程并对其效果加以分析, 以供借鉴参考甚至直接应用。 |
| ● |
| 相关链接 |
|
|
|
正题名:软土地基加固与质量监控
索取号:TU471/L334
 
预约/预借
| 序号 | 登录号 | 条形码 | 馆藏地/架位号 | 状态 | 备注 |
| 1 | 1551274 | 215512746 | 建筑库101/101建筑库 97排3列5层/ [索取号:TU471/L334] | 在馆 | |
| 2 | 1551275 | 215512755 | 建筑库101/101建筑库 97排3列5层/ [索取号:TU471/L334] | 在馆 | |
| 3 | 1551276 | 215512764 | 建筑库101/101建筑库 97排3列5层/ [索取号:TU471/L334] | 在馆 | |
| 4 | 1551277 | 215512773 | 建筑库101/101建筑库 97排3列5层/ [索取号:TU471/L334] | 在馆 | |
| 5 | 1551278 | 215512782 | 建筑库101/101建筑库 97排3列5层/ [索取号:TU471/L334] | 在馆 | |
| 6 | 1551279 | 215512791 | 建筑库101/101建筑库 97排3列5层/ [索取号:TU471/L334] | 在馆 |